000 00405nam a22001577a 4500
008 241212b ||||| |||| 00| 0 eng d
020 _a9789393317032
041 _ahin
082 _a780.9
_bDEU
100 _aDesai, Manorama
245 _aUttar Aur Dakshin Bhartiya Shastriya Sangeet
260 _aDaryaganj, New Delhi
_bHind Prakashan
_c2022
300 _a240p.
650 _aMUSIC
942 _2ddc
_cBK
999 _c48976
_d48976